Name a Major Asian City A-Z - Statistics

General Stats
  • This quiz has been taken 262 times
  • The average score is 18 of 26
Answer Stats
Letter City % Correct
B Beijing | Bangkok | Bangalore | Baghdad | Bandung | Busan | Bhilai | Baku | Bhopal | Baotou | Baoding | Bursa
97%
D Delhi | Dhaka | Dubai | Dalian | Damascus | Daegu | Dammam
93%
T Tokyo | Tehran | Tianjin | Taipei | Taiyuan | Tashkent | Tangshan | Tel Aviv | Taichung | Taizhou
93%
H Hyderabad | Ho Chi Minh City | Hangzhou | Hong Kong | Harbin | Hefei | Hanoi | Huizhou | Hyderabad
92%
S Shanghai | Seoul | Shenyang | Singapore | Surat | Surabaya | Shijiazhuang | Sana'a | Sapporo | Semarang
92%
J Jakarta | Jeddah | Jinan | Jaipur | Jiangyin
91%
M Manila | Mumbai | Medan | Mashhad | Mecca | Multan
90%
K Karachi | Kolkata | Kuala Lumpur | Kuwait City | Kabul | Kunming | Kanpur | Kathmandu | Kaohsiung | Kitakyushu
89%
I Istanbul | Islamabad | Isfahan | Indore | Izmir
86%
A Ahmedabad | Amman | Ankara | Anshan | Agra | Almaty
83%
C Chennai | Chengdu | Chongqing | Changsha | Chittagong | Colombo | Changchun | Cebu | Coimbatore | Chandigarh | Cixi
80%
P Pune | Pyongyang | Patna | Peshawar | Phnom Penh
79%
X Xiamen | Xi'an | Xinxiang | Xiangyang
78%
G Guangzhou | Guiyang | Gujranwala | George Town
77%
R Riyadh | Rawalpindi
68%
L Lahore | Lucknow | Lanzhou | Luoyang | Linyi | Liuzhou
67%
W Wuhan | Wenzhou
67%
N Nagoya | Nanjing | Nanchang | Nanning | Nagpur | Ningbo | Nasik
66%
O Osaka | Okayama
65%
F Fuzhou | Faisalabad | Fukuoka
55%
U Urumqi
48%
Q Qingdao
43%
Y Yangon | Yantai
41%
Z Zhengzhou | Zibo
40%
E Erbil
24%
V Vadodara | Vishakhapatnam
17%
No matching quizzes found
Score Distribution
Percent of People with Each Score
Percentile by Number Answered
Your Score History
You have not taken this quiz